000 00325nam a22001457a 4500
008 230322b ||||| |||| 00| 0 eng d
020 _a9780073384054
041 _aeng
080 _2SECOND EDITION
_a61
082 _a61MAI
100 _a4
101 _aMJKSP
245 _aWRITING INTENSIVE
_cMAIMON P.E
942 _2udc
_cBK
999 _c59429
_d59429